beneral knowledge #2 - Statistics

General Stats
  • This quiz has been taken 18 times
    6 since last reset
  • The average score is 8 of 20
Answer Stats
Hint Answer % Correct
A "drake" is a male of which creature? duck
75%
What is lava called before it surfaces? magma
75%
What's the name of the brass instrument invented by John Phillip Sousa? sousaphone
75%
What is both the name of a Shakespeare play and a bad storm? Tempest
75%
Where was the Castle Bravo nuclear test? (it also inspired the name of a piece of swimwear) Bikini Atoll
50%
The Thorny Devil is a species of lizard that can shoot _____ from its eyes. blood
50%
In which sea is St. Lucia located? Caribbean Sea
50%
The "Demon Core" was made of which element? plutonium
50%
The two sides of a boat are port and ______ starboard
50%
What feature do most Western depictions of dragons have that Eastern depictions of dragons lack? wings
50%
What's the derivative of 2x? 2
25%
What is the heaviest organism alive? Armillaria ostoyae honey mushroom
25%
What's a mythical snake that starts with 'b'? basilisk
25%
What is Markus Persson's most famous videogame? Minecraft
25%
What element has the symbol Mo? Molybdenum
25%
What is the name of the VR console Nintendo released in the 1990s? Virtual Boy
25%
What is the term for animals that lay eggs? oviparous
0%
What was the largest nuke ever detonated? Tsar Bomba
0%
Which war led to the capture of Washington DC and the torching of the White House? War of 1812
0%
What's the name of a dragon with 2 wings and 2 legs? wyvern
0%
No matching quizzes found
Score Distribution
Percent of People with Each Score
Percentile by Number Answered
Your Score History
You have not taken this quiz since the last reset